[Event "40th Women's Greek Championship"]
[Site "chess24.com"]
[Date "2018.01.02"]
[Round "1"]
[White "Markantonaki, Haritomeni"]
[Black "Skaraki, Antigoni"]
[Result "1-0"]
[Board "1"]
[WhiteElo "2190"]
[WhiteTitle "WFM"]
[WhiteCountry "GRE"]
[WhiteFideId "4207050"]
[WhiteEloChange "5"]
[BlackElo "2013"]
[BlackCountry "GRE"]
[BlackFideId "4222970"]
[BlackEloChange "-5"]

1. e4 {[%clk 1:30:56]} d5 {[%clk 1:30:55]} 2. exd5 {[%clk 1:31:06]} Qxd5 {[%clk
1:31:21]} 3. Nc3 {[%clk 1:31:23]} Qd6 {[%clk 1:31:46]} 4. d4 {[%clk 1:31:05]} Nf6
{[%clk 1:32:02]} 5. Nf3 {[%clk 1:31:07]} c6 {[%clk 1:32:21]} 6. g3 {[%clk
1:27:57]} g6 {[%clk 1:26:01]} 7. Bg2 {[%clk 1:26:36]} Bg7 {[%clk 1:23:59]} 8. O-O
{[%clk 1:21:42]} O-O {[%clk 1:24:18]} 9. Bf4 {[%clk 1:19:15]} Qd8 {[%clk
1:21:04]} 10. Qd2 {[%clk 1:16:33]} Bg4 {[%clk 1:16:37]} 11. Ne5 {[%clk 1:08:57]}
Be6 {[%clk 1:11:07]} 12. Rfe1 {[%clk 1:01:21]} Nbd7 {[%clk 1:03:50]} 13. Nf3
{[%clk 0:52:48]} Nb6 {[%clk 0:53:28]} 14. Rxe6 {[%clk 0:45:17]} fxe6 {[%clk
0:53:10]} 15. Ng5 {[%clk 0:45:27]} Nh5 {[%clk 0:25:03]} 16. Nxe6 {[%clk 0:40:11]}
Qd7 {[%clk 0:24:30]} 17. Nxf8 {[%clk 0:37:07]} Rxf8 {[%clk 0:24:55]} 18. Be3
{[%clk 0:34:09]} Nc4 {[%clk 0:24:54]} 19. Qe2 {[%clk 0:31:09]} Nxe3 {[%clk
0:09:56]} 20. fxe3 {[%clk 0:31:24]} Kh8 {[%clk 0:02:53]} 21. Ne4 {[%clk 0:28:42]}
Nf6 {[%clk 0:02:45]} 22. Nc5 {[%clk 0:26:11]} Qg4 {[%clk 0:02:06]} 23. Bf3 {[%clk
0:21:21]} Qh3 {[%clk 0:01:41]} 24. Nxb7 {[%clk 0:20:25]} h5 {[%clk 0:01:11]} 25.
Nc5 {[%clk 0:18:53]} Bh6 {[%clk 0:01:16]} 26. Re1 {[%clk 0:16:02]} g5 {[%clk
0:00:41]} 27. Nd3 {[%clk 0:15:21]} Qe6 {[%clk 0:00:40]} 28. Ne5 {[%clk 0:14:19]}
Rg8 {[%clk 0:00:36]} 29. Bxh5 {[%clk 0:13:39]} Nxh5 {[%clk 0:00:38]} 30. Qxh5
{[%clk 0:14:03]} Rf8 {[%clk 0:00:35]} 31. Ng6+ {[%clk 0:14:19]} Kg7 {[%clk
0:00:36]} 32. Nxf8 {[%clk 0:14:23]} Kxf8 {[%clk 0:01:03]} 33. e4 {[%clk 0:12:47]}
Bg7 {[%clk 0:00:58]} 34. e5 {[%clk 0:12:30]} Qxa2 {[%clk 0:01:10]} 35. Qf3+
{[%clk 0:10:20]} Kg8 {[%clk 0:01:26]} 36. Qb3+ {[%clk 0:10:39]} 1-0

[Event "40th Women's Greek Championship"]
[Site "chess24.com"]
[Date "2018.01.02"]
[Round "1"]
[White "Drakaki, Anna-Maria"]
[Black "Louka, Magdalini"]
[Result "1-0"]
[Board "2"]
[WhiteElo "1900"]
[WhiteCountry "GRE"]
[WhiteFideId "4225210"]
[WhiteEloChange "7"]
[BlackElo "1792"]
[BlackCountry "GRE"]
[BlackFideId "4271246"]
[BlackEloChange "-7"]

1. e4 {[%clk 1:30:56]} c5 {[%clk 1:30:55]} 2. Nf3 {[%clk 1:31:23]} g6 {[%clk
1:31:15]} 3. d4 {[%clk 1:31:05]} cxd4 {[%clk 1:31:37]} 4. Nxd4 {[%clk 1:31:31]}
Bg7 {[%clk 1:31:54]} 5. c4 {[%clk 1:30:44]} Nc6 {[%clk 1:32:16]} 6. Be3 {[%clk
1:30:45]} Nf6 {[%clk 1:32:23]} 7. Nc3 {[%clk 1:31:10]} O-O {[%clk 1:32:24]} 8.
Be2 {[%clk 1:30:58]} d6 {[%clk 1:32:35]} 9. Qd2 {[%clk 1:30:11]} Bd7 {[%clk
1:26:52]} 10. O-O {[%clk 1:30:05]} Nxd4 {[%clk 1:26:34]} 11. Bxd4 {[%clk
1:30:30]} Bc6 {[%clk 1:26:52]} 12. f3 {[%clk 1:30:54]} a5 {[%clk 1:27:04]} 13. b3
{[%clk 1:31:12]} Nd7 {[%clk 1:27:20]} 14. Be3 {[%clk 1:31:31]} Nc5 {[%clk
1:27:27]} 15. Rab1 {[%clk 1:31:53]} Be5 {[%clk 1:26:32]} 16. Bd4 {[%clk 1:29:43]}
Bxd4+ {[%clk 1:21:42]} 17. Qxd4 {[%clk 1:30:07]} e5 {[%clk 1:21:57]} 18. Qe3
{[%clk 1:24:53]} Ne6 {[%clk 1:19:47]} 19. Rfd1 {[%clk 1:24:07]} Nd4 {[%clk
1:16:40]} 20. Bf1 {[%clk 1:16:13]} Qe7 {[%clk 1:11:10]} 21. Ne2 {[%clk 1:11:55]}
Ne6 {[%clk 1:10:30]} 22. Qd3 {[%clk 0:49:37]} Rfd8 {[%clk 0:57:03]} 23. a3 {[%clk
0:40:50]} Qd7 {[%clk 0:48:21]} 24. Nc3 {[%clk 0:37:44]} Nd4 {[%clk 0:37:30]} 25.
b4 {[%clk 0:31:55]} axb4 {[%clk 0:36:52]} 26. axb4 {[%clk 0:32:19]} b6 {[%clk
0:31:38]} 27. Ra1 {[%clk 0:29:04]} Ba4 {[%clk 0:21:08]} 28. Nd5 {[%clk 0:21:17]}
Qb7 {[%clk 0:21:12]} 29. Rd2 {[%clk 0:17:20]} b5 {[%clk 0:16:54]} 30. Rda2 {[%clk
0:12:01]} bxc4 {[%clk 0:13:50]} 31. Qe3 {[%clk 0:04:26]} Bc6 {[%clk 0:09:05]} 32.
Nf6+ {[%clk 0:03:18]} Kg7 {[%clk 0:08:40]} 33. Rxa8 {[%clk 0:01:54]} Rxa8 {[%clk
0:09:04]} 34. Rxa8 {[%clk 0:02:21]} Qxa8 {[%clk 0:09:29]} 35. Ng4 {[%clk
0:02:44]} Qd8 {[%clk 0:00:43]} 36. Bxc4 {[%clk 0:01:41]} Ne6 {[%clk 0:00:34]} 37.
b5 {[%clk 0:01:23]} Bb7 {[%clk 0:00:36]} 38. Bd5 {[%clk 0:00:34]} Bxd5 {[%clk
0:00:36]} 1-0

[Event "40th Women's Greek Championship"]
[Site "chess24.com"]
[Date "2018.01.02"]
[Round "1"]
[White "Georgitsi, Antigoni"]
[Black "Vozinaki, Anthi - Maria"]
[Result "0-1"]
[Board "3"]
[WhiteElo "1804"]
[WhiteCountry "GRE"]
[WhiteFideId "4246527"]
[WhiteEloChange "-6"]
[BlackElo "1964"]
[BlackCountry "GRE"]
[BlackFideId "4263898"]
[BlackEloChange "6"]

1. e4 {[%clk 1:30:57]} c5 {[%clk 1:30:53]} 2. Nf3 {[%clk 1:31:15]} Nc6 {[%clk
1:30:18]} 3. d4 {[%clk 1:31:35]} cxd4 {[%clk 1:30:43]} 4. Nxd4 {[%clk 1:31:58]}
e5 {[%clk 1:30:58]} 5. Nb5 {[%clk 1:29:44]} d6 {[%clk 1:31:21]} 6. c4 {[%clk
1:28:19]} Be7 {[%clk 1:30:55]} 7. N1c3 {[%clk 1:26:58]} a6 {[%clk 1:31:16]} 8.
Na3 {[%clk 1:27:01]} f5 {[%clk 1:31:28]} 9. exf5 {[%clk 1:23:41]} Bxf5 {[%clk
1:31:51]} 10. Bd3 {[%clk 1:22:25]} Be6 {[%clk 1:32:02]} 11. Nc2 {[%clk 1:20:45]}
Nf6 {[%clk 1:29:12]} 12. O-O {[%clk 1:19:13]} O-O {[%clk 1:26:14]} 13. Nd5 {[%clk
1:17:33]} Rc8 {[%clk 1:15:54]} 14. Be3 {[%clk 1:13:25]} Qe8 {[%clk 1:11:26]} 15.
f3 {[%clk 1:06:49]} Qf7 {[%clk 1:05:43]} 16. Be4 {[%clk 0:59:20]} Na5 {[%clk
0:58:04]} 17. Nb6 {[%clk 0:53:23]} Rcd8 {[%clk 0:43:34]} 18. b3 {[%clk 0:48:39]}
d5 {[%clk 0:39:38]} 19. cxd5 {[%clk 0:39:18]} Nxd5 {[%clk 0:39:08]} 20. Nxd5
{[%clk 0:37:15]} Bxd5 {[%clk 0:39:27]} 21. Qe2 {[%clk 0:16:50]} Bxe4 {[%clk
0:33:28]} 22. fxe4 {[%clk 0:16:58]} Qg6 {[%clk 0:33:16]} 23. Bd2 {[%clk 0:13:03]}
Nc6 {[%clk 0:31:36]} 24. Rxf8+ {[%clk 0:13:07]} Bxf8 {[%clk 0:31:13]} 25. Bc3
{[%clk 0:12:12]} Kh8 {[%clk 0:28:49]} 26. Rf1 {[%clk 0:09:28]} Bc5+ {[%clk
0:23:56]} 27. Kh1 {[%clk 0:09:52]} h6 {[%clk 0:19:57]} 28. h3 {[%clk 0:05:13]}
Nd4 {[%clk 0:18:34]} 29. Qc4 {[%clk 0:02:39]} Bb6 {[%clk 0:15:35]} 30. Bxd4
{[%clk 0:01:29]} exd4 {[%clk 0:15:11]} 31. Qd3 {[%clk 0:01:24]} Qd6 {[%clk
0:14:50]} 32. g3 {[%clk 0:01:18]} Rc8 {[%clk 0:08:22]} 33. Rf5 {[%clk 0:00:37]}
Rc3 {[%clk 0:07:08]} 34. Qf1 {[%clk 0:00:53]} Rxg3 {[%clk 0:04:52]} 35. Rd5
{[%clk 0:00:41]} Qg6 {[%clk 0:03:47]} 36. Rf5 {[%clk 0:00:36]} d3 {[%clk
0:03:21]} 37. Rf8+ {[%clk 0:00:34]} Kh7 {[%clk 0:03:47]} 0-1

[Event "40th Women's Greek Championship"]
[Site "chess24.com"]
[Date "2018.01.02"]
[Round "1"]
[White "Nikolaidou, Eleni"]
[Black "Pavlidou, Ekaterini"]
[Result "0-1"]
[Board "5"]
[WhiteElo "1734"]
[WhiteCountry "GRE"]
[WhiteFideId "4211006"]
[WhiteEloChange "-2"]
[BlackElo "2196"]
[BlackTitle "WIM"]
[BlackCountry "GRE"]
[BlackFideId "4213262"]
[BlackEloChange "2"]

1. e4 {[%clk 1:30:50]} c5 {[%clk 1:30:42]} 2. Nf3 {[%clk 1:31:01]} d6 {[%clk
1:30:26]} 3. c3 {[%clk 1:31:18]} Nf6 {[%clk 1:30:22]} 4. Bc4 {[%clk 1:31:10]} e6
{[%clk 1:30:16]} 5. d3 {[%clk 1:30:53]} a6 {[%clk 1:29:55]} 6. O-O {[%clk
1:27:58]} b5 {[%clk 1:29:24]} 7. Bb3 {[%clk 1:28:23]} Bb7 {[%clk 1:28:40]} 8. Bg5
{[%clk 1:23:55]} Be7 {[%clk 1:27:42]} 9. Nbd2 {[%clk 1:18:13]} Nbd7 {[%clk
1:26:55]} 10. Qe2 {[%clk 1:16:33]} h6 {[%clk 1:26:11]} 11. Bh4 {[%clk 1:16:16]}
Qb6 {[%clk 1:20:24]} 12. e5 {[%clk 0:54:43]} dxe5 {[%clk 1:15:10]} 13. Nxe5
{[%clk 0:54:18]} Nxe5 {[%clk 1:12:51]} 14. Qxe5 {[%clk 0:54:34]} c4 {[%clk
0:56:16]} 15. dxc4 {[%clk 0:47:33]} Nd7 {[%clk 0:44:36]} 16. Qh5 {[%clk 0:41:46]}
g6 {[%clk 0:42:12]} 17. Qg4 {[%clk 0:42:01]} g5 {[%clk 0:25:28]} 18. Bg3 {[%clk
0:42:12]} h5 {[%clk 0:22:20]} 19. Qd4 {[%clk 0:34:41]} Qxd4 {[%clk 0:20:20]} 20.
cxd4 {[%clk 0:35:04]} Bb4 {[%clk 0:19:05]} 21. Nf3 {[%clk 0:23:29]} h4 {[%clk
0:18:25]} 22. Bc7 {[%clk 0:22:28]} Rc8 {[%clk 0:17:53]} 23. a3 {[%clk 0:22:31]}
Be7 {[%clk 0:17:19]} 24. Ba5 {[%clk 0:22:40]} bxc4 {[%clk 0:13:19]} 25. Ba4
{[%clk 0:22:36]} f6 {[%clk 0:13:24]} 26. Rac1 {[%clk 0:20:02]} Bd5 {[%clk
0:12:30]} 27. Rc3 {[%clk 0:11:21]} Bd6 {[%clk 0:12:12]} 28. Rfc1 {[%clk 0:11:15]}
Rb8 {[%clk 0:11:27]} 29. b4 {[%clk 0:07:03]} cxb3 {[%clk 0:10:44]} 30. Bxb3
{[%clk 0:06:36]} Bxb3 {[%clk 0:09:43]} 31. Rxb3 {[%clk 0:06:04]} Rxb3 {[%clk
0:10:03]} 32. Rc8+ {[%clk 0:06:22]} Kf7 {[%clk 0:09:37]} 33. Rxh8 {[%clk
0:06:41]} Nf8 {[%clk 0:09:02]} 34. Nd2 {[%clk 0:02:36]} Rxa3 {[%clk 0:09:13]} 35.
Bb6 {[%clk 0:02:41]} Ra1+ {[%clk 0:09:18]} 36. Nf1 {[%clk 0:03:02]} a5 {[%clk
0:09:14]} 37. g3 {[%clk 0:02:50]} hxg3 {[%clk 0:08:50]} 38. hxg3 {[%clk 0:03:10]}
a4 {[%clk 0:08:43]} 39. Kg2 {[%clk 0:02:27]} a3 {[%clk 0:07:38]} 40. d5 {[%clk
0:30:54]} exd5 {[%clk 0:35:41]} 41. f4 {[%clk 0:28:38]} a2 {[%clk 0:34:47]} 42.
Bd4 {[%clk 0:26:49]} Rd1 {[%clk 0:35:10]} 0-1

[Event "40th Women's Greek Championship"]
[Site "chess24.com"]
[Date "2018.01.03"]
[Round "2"]
[White "Markantonaki, Haritomeni"]
[Black "Drakaki, Anna-Maria"]
[Result "1-0"]
[Board "1"]
[WhiteElo "2190"]
[WhiteTitle "WFM"]
[WhiteCountry "GRE"]
[WhiteFideId "4207050"]
[WhiteEloChange "3"]
[BlackElo "1900"]
[BlackCountry "GRE"]
[BlackFideId "4225210"]
[BlackEloChange "-3"]

1. e4 {[%clk 1:30:56]} d6 {[%clk 1:30:54]} 2. d4 {[%clk 1:31:02]} Nf6 {[%clk
1:31:19]} 3. Nc3 {[%clk 1:31:19]} c6 {[%clk 1:31:44]} 4. f4 {[%clk 1:30:06]} Qa5
{[%clk 1:32:07]} 5. Bd3 {[%clk 1:30:27]} e5 {[%clk 1:32:23]} 6. Nf3 {[%clk
1:30:36]} Nbd7 {[%clk 1:32:41]} 7. O-O {[%clk 1:29:07]} Be7 {[%clk 1:33:00]} 8.
Kh1 {[%clk 1:24:43]} O-O {[%clk 1:33:09]} 9. Qe2 {[%clk 1:22:11]} Qc7 {[%clk
1:29:04]} 10. a4 {[%clk 1:19:33]} a5 {[%clk a1:15:55]} 11. Bd2 {[%clk 1:16:59]}
exd4 {[%clk 1:14:12]} 12. Nxd4 {[%clk 1:17:06]} Nc5 {[%clk 1:14:26]} 13. Rae1
{[%clk 1:04:39]} Nxd3 {[%clk 0:53:35]} 14. cxd3 {[%clk 1:04:30]} Re8 {[%clk
0:49:54]} 15. Bc1 {[%clk 0:55:21]} Bf8 {[%clk 0:46:59]} 16. Qf3 {[%clk 0:54:20]}
Qb6 {[%clk 0:35:20]} 17. Nc2 {[%clk 0:50:22]} Be6 {[%clk 0:30:12]} 18. f5 {[%clk
0:42:21]} Bb3 {[%clk 0:24:43]} 19. Be3 {[%clk 0:37:59]} c5 {[%clk 0:23:03]} 20.
Na1 {[%clk 0:36:22]} Qb4 {[%clk 0:14:59]} 21. Nxb3 {[%clk 0:26:51]} Qxb3 {[%clk
0:15:24]} 22. Bc1 {[%clk 0:20:37]} Rad8 {[%clk 0:13:02]} 23. Qg3 {[%clk 0:19:05]}
Qb6 {[%clk 0:01:51]} 24. Re2 {[%clk 0:17:27]} c4 {[%clk 0:01:40]} 25. dxc4 {[%clk
0:16:51]} Qd4 {[%clk 0:01:53]} 26. Bg5 {[%clk 0:15:32]} Be7 {[%clk 0:01:59]} 27.
Bxf6 {[%clk 0:10:49]} Bxf6 {[%clk 0:02:17]} 28. Nd5 {[%clk 0:10:38]} Be5 {[%clk
0:02:32]} 29. Qg5 {[%clk 0:10:10]} f6 {[%clk 0:01:24]} 30. Qc1 {[%clk 0:10:13]}
Qd3 {[%clk 0:01:02]} 31. Re3 {[%clk 0:08:44]} Qd4 {[%clk 0:00:47]} 32. Nc7 {[%clk
0:06:32]} Re7 {[%clk 0:01:01]} 33. Ne6 {[%clk 0:06:41]} Rxe6 {[%clk 0:01:24]} 34.
fxe6 {[%clk 0:07:08]} Re8 {[%clk 0:01:51]} 35. Re2 {[%clk 0:05:14]} Rxe6 {[%clk
0:01:45]} 36. Qd2 {[%clk 0:03:08]} Qxc4 {[%clk 0:00:53]} 37. Rc1 {[%clk 0:01:46]}
Qxa4 {[%clk 0:00:59]} 38. Qd5 {[%clk 0:01:57]} Qe8 {[%clk 0:00:52]} 39. Rec2
{[%clk 0:02:16]} 1-0

[Event "40th Women's Greek Championship"]
[Site "chess24.com"]
[Date "2018.01.03"]
[Round "2"]
[White "Louka, Magdalini"]
[Black "Georgitsi, Antigoni"]
[Result "1/2-1/2"]
[Board "2"]
[WhiteElo "1792"]
[WhiteCountry "GRE"]
[WhiteFideId "4271246"]
[BlackElo "1804"]
[BlackCountry "GRE"]
[BlackFideId "4246527"]

1. e4 {[%clk 1:30:56]} e5 {[%clk 1:30:48]} 2. Nf3 {[%clk 1:31:20]} Nc6 {[%clk
1:31:12]} 3. Nc3 {[%clk 1:31:46]} Nf6 {[%clk 1:31:32]} 4. Bb5 {[%clk 1:32:04]}
Bb4 {[%clk 1:31:24]} 5. O-O {[%clk 1:32:21]} d6 {[%clk 1:29:50]} 6. d3 {[%clk
1:31:34]} a6 {[%clk 1:26:20]} 7. Ba4 {[%clk 1:28:09]} b5 {[%clk 1:22:54]} 8. Bb3
{[%clk 1:28:08]} Na5 {[%clk 1:20:24]} 9. Bg5 {[%clk 1:15:07]} Nxb3 {[%clk
1:20:29]} 10. axb3 {[%clk 1:15:17]} c6 {[%clk 1:19:32]} 11. h3 {[%clk 1:10:17]}
Bc5 {[%clk 1:16:37]} 12. Ne2 {[%clk 1:08:52]} h6 {[%clk 1:15:17]} 13. Bd2 {[%clk
1:00:38]} Qe7 {[%clk 1:10:45]} 14. Ng3 {[%clk 0:56:58]} O-O {[%clk 1:08:52]} 15.
Nh4 {[%clk 0:48:06]} d5 {[%clk 0:59:36]} 16. Nhf5 {[%clk 0:46:46]} Bxf5 {[%clk
0:56:45]} 17. Nxf5 {[%clk 0:46:42]} Qd7 {[%clk 0:56:44]} 18. Qc1 {[%clk 0:29:05]}
dxe4 {[%clk 0:52:35]} 19. Nxg7 {[%clk 0:25:16]} e3 {[%clk 0:46:05]} 20. fxe3
{[%clk 0:24:18]} Kxg7 {[%clk 0:45:58]} 21. Kh1 {[%clk 0:24:10]} Ng8 {[%clk
0:36:18]} 22. Qe1 {[%clk 0:21:53]} Qe7 {[%clk 0:29:06]} 23. e4 {[%clk 0:21:38]}
f6 {[%clk 0:25:20]} 24. Qh4 {[%clk 0:20:39]} Kh7 {[%clk 0:21:56]} 25. Rf5 {[%clk
0:18:28]} Qf7 {[%clk 0:17:06]} 26. Raf1 {[%clk 0:17:13]} Qa7 {[%clk 0:04:20]} 27.
R1f3 {[%clk 0:13:20]} Rf7 {[%clk 0:03:39]} 28. Qh5 {[%clk 0:10:51]} Raf8 {[%clk
0:02:17]} 29. Qh4 {[%clk 0:09:43]} Rg7 {[%clk 0:01:11]} 30. g4 {[%clk 0:04:35]}
Rg6 {[%clk 0:01:13]} 31. Rh5 {[%clk 0:03:51]} Qg7 {[%clk 0:01:10]} 32. Rff5
{[%clk 0:03:37]} Rf7 {[%clk 0:00:45]} 1/2-1/2

[Event "40th Women's Greek Championship"]
[Site "chess24.com"]
[Date "2018.01.03"]
[Round "2"]
[White "Vozinaki, Anthi - Maria"]
[Black "Makka, Ioulia"]
[Result "1/2-1/2"]
[Board "3"]
[WhiteElo "1964"]
[WhiteCountry "GRE"]
[WhiteFideId "4263898"]
[WhiteEloChange "5"]
[BlackElo "2167"]
[BlackTitle "WIM"]
[BlackCountry "GRE"]
[BlackFideId "4205316"]
[BlackEloChange "-5"]

1. e4 {[%clk 1:30:57]} e6 {[%clk 1:30:50]} 2. d4 {[%clk 1:31:19]} d5 {[%clk
1:31:11]} 3. Nc3 {[%clk 1:31:35]} Nf6 {[%clk 1:31:24]} 4. e5 {[%clk 1:31:58]}
Nfd7 {[%clk 1:31:44]} 5. f4 {[%clk 1:32:15]} c5 {[%clk 1:31:49]} 6. Nf3 {[%clk
1:32:38]} Qb6 {[%clk 1:31:45]} 7. Na4 {[%clk 1:20:08]} Qc6 {[%clk 1:30:49]} 8. c3
{[%clk 1:11:44]} c4 {[%clk 1:22:17]} 9. b3 {[%clk 1:09:19]} b5 {[%clk 1:08:41]}
10. Nb2 {[%clk 1:09:34]} a5 {[%clk 1:00:37]} 11. bxc4 {[%clk 0:56:56]} bxc4
{[%clk 0:59:25]} 12. Be2 {[%clk 0:54:42]} a4 {[%clk 0:52:43]} 13. Qc2 {[%clk
0:53:02]} Nb6 {[%clk 0:51:02]} 14. O-O {[%clk 0:49:36]} h5 {[%clk 0:46:11]} 15.
Nd1 {[%clk 0:44:14]} g6 {[%clk 0:41:19]} 16. Ne3 {[%clk 0:38:39]} Be7 {[%clk
0:32:39]} 17. g4 {[%clk 0:36:30]} hxg4 {[%clk 0:31:19]} 18. Nxg4 {[%clk 0:34:26]}
N8d7 {[%clk 0:30:30]} 19. Ng5 {[%clk 0:33:01]} a3 {[%clk 0:26:09]} 20. Rf3 {[%clk
0:31:24]} Ra5 {[%clk 0:20:02]} 21. Bd1 {[%clk 0:28:33]} Ba6 {[%clk 0:17:09]} 22.
Qg2 {[%clk 0:24:10]} Bb5 {[%clk 0:15:38]} 23. Rh3 {[%clk 0:21:55]} Rxh3 {[%clk
0:07:18]} 24. Qxh3 {[%clk 0:21:48]} Ba4 {[%clk 0:06:43]} 25. Bf3 {[%clk 0:17:52]}
Nf8 {[%clk 0:05:17]} 26. Qh8 {[%clk 0:13:31]} Bc2 {[%clk 0:04:06]} 27. Qg7 {[%clk
0:10:49]} Bxg5 {[%clk 0:03:12]} 28. fxg5 {[%clk 0:11:14]} Ke7 {[%clk 0:02:24]}
29. Nh6 {[%clk 0:10:10]} Qe8 {[%clk 0:01:56]} 30. Qf6+ {[%clk 0:10:03]} Kd7
{[%clk 0:02:13]} 31. Nxf7 {[%clk 0:09:30]} Qe7 {[%clk 0:00:57]} 32. Qf4 {[%clk
0:06:59]} Nc8 {[%clk 0:00:44]} 33. Nh6 {[%clk 0:06:33]} Kc6 {[%clk 0:00:49]} 34.
Ng8 {[%clk 0:05:59]} Qg7 {[%clk 0:00:54]} 35. Nf6 {[%clk 0:06:08]} Ne7 {[%clk
0:00:51]} 36. Ne8 {[%clk 0:04:32]} Qg8 {[%clk 0:01:07]} 37. Nd6 {[%clk 0:02:10]}
Nf5 {[%clk 0:00:58]} 38. Nxf5 {[%clk 0:02:27]} exf5 {[%clk 0:00:46]} 39. Qd2
{[%clk 0:01:56]} Bd3 {[%clk 0:00:52]} 40. Bd1 {[%clk 0:30:56]} Qh8 {[%clk
0:30:48]} 41. Bc2 {[%clk 0:29:58]} Bxc2 {[%clk 0:28:41]} 42. Qxc2 {[%clk
0:30:25]} Qh3 {[%clk 0:28:15]} 43. Rb1 {[%clk 0:17:15]} Qg4+ {[%clk 0:18:12]} 44.
Kh1 {[%clk 0:16:12]} Qf3+ {[%clk 0:17:07]} 45. Kg1 {[%clk 0:16:11]} Qg4+ {[%clk
0:14:46]} 46. Kh1 {[%clk 0:15:46]} Ne6 {[%clk 0:07:49]} 47. Rb8 {[%clk 0:12:18]}
Qf3+ {[%clk 0:05:48]} 48. Kg1 {[%clk 0:12:09]} Qg4+ {[%clk 0:05:23]} 49. Kh1
{[%clk 0:10:32]} Qf3+ {[%clk 0:03:15]} 50. Kg1 {[%clk 0:10:43]} Qg4+ {[%clk
0:02:41]} 51. Kh1 {[%clk 0:10:45]} Qf3+ {[%clk 0:01:46]} 52. Kg1 {[%clk 0:10:50]}
1/2-1/2

[Event "40th Women's Greek Championship"]
[Site "chess24.com"]
[Date "2018.01.03"]
[Round "2"]
[White "Makka, Evanthia"]
[Black "Nikolaidou, Eleni"]
[Result "1-0"]
[Board "4"]
[WhiteElo "2092"]
[WhiteCountry "GRE"]
[WhiteFideId "4207513"]
[WhiteEloChange "2"]
[BlackElo "1734"]
[BlackCountry "GRE"]
[BlackFideId "4211006"]
[BlackEloChange "-2"]

1. Nf3 {[%clk 1:30:55]} d6 {[%clk 1:30:43]} 2. d4 {[%clk 1:26:23]} Nf6 {[%clk
1:30:33]} 3. Nbd2 {[%clk 1:16:07]} g6 {[%clk 1:16:34]} 4. e4 {[%clk 1:15:48]} Bg7
{[%clk 1:16:39]} 5. Bd3 {[%clk 1:14:18]} O-O {[%clk 1:14:05]} 6. O-O {[%clk
1:14:05]} Nc6 {[%clk 1:11:22]} 7. c3 {[%clk 1:12:34]} Nd7 {[%clk 0:56:14]} 8. d5
{[%clk 0:59:51]} Nce5 {[%clk 0:56:34]} 9. Bc2 {[%clk 0:57:41]} c6 {[%clk
0:53:20]} 10. Qe2 {[%clk 0:45:46]} a5 {[%clk 0:23:23]} 11. h3 {[%clk 0:25:42]} a4
{[%clk 0:16:46]} 12. Nd4 {[%clk 0:21:48]} cxd5 {[%clk 0:16:22]} 13. exd5 {[%clk
0:21:23]} Nb6 {[%clk 0:14:38]} 14. f4 {[%clk 0:13:10]} Ned7 {[%clk 0:14:58]} 15.
N2f3 {[%clk 0:09:06]} Nxd5 {[%clk 0:10:29]} 16. Ne6 {[%clk 0:08:57]} Qb6+ {[%clk
0:09:58]} 17. Kh1 {[%clk 0:08:15]} fxe6 {[%clk 0:04:36]} 18. Qxe6+ {[%clk
0:08:34]} Kh8 {[%clk 0:04:54]} 19. Qxd5 {[%clk 0:08:02]} Nf6 {[%clk 0:04:56]} 20.
Qc4 {[%clk 0:06:13]} Nh5 {[%clk 0:03:00]} 21. Kh2 {[%clk 0:06:02]} Qa6 {[%clk
0:02:22]} 22. Qxa6 {[%clk 0:05:43]} Rxa6 {[%clk 0:02:45]} 23. Ng5 {[%clk
0:02:13]} e5 {[%clk 0:02:00]} 24. Bd3 {[%clk 0:02:33]} Rc6 {[%clk 0:01:51]} 25.
fxe5 {[%clk 0:01:36]} Bxe5+ {[%clk 0:01:52]} 26. Kg1 {[%clk 0:01:38]} Rxf1+
{[%clk 0:02:15]} 27. Bxf1 {[%clk 0:02:03]} Kg7 {[%clk 0:01:49]} 28. Bb5 {[%clk
0:01:39]} Rc7 {[%clk 0:01:22]} 29. Bxa4 {[%clk 0:01:49]} h6 {[%clk 0:01:19]} 30.
Nf3 {[%clk 0:02:09]} Re7 {[%clk 0:00:53]} 31. Bd2 {[%clk 0:01:55]} Bg3 {[%clk
0:00:59]} 32. Rd1 {[%clk 0:01:33]} Nf6 {[%clk 0:00:56]} 33. Be1 {[%clk 0:01:32]}
Bxe1 {[%clk 0:01:00]} 34. Rxe1 {[%clk 0:01:51]} Rxe1+ {[%clk 0:01:13]} 35. Nxe1
{[%clk 0:02:15]} Ne4 {[%clk 0:01:08]} 36. Bc2 {[%clk 0:02:06]} Nc5 {[%clk
0:01:13]} 37. Nd3 {[%clk 0:02:18]} Nd7 {[%clk 0:01:01]} 38. Nf4 {[%clk 0:01:23]}
Ne5 {[%clk 0:01:14]} 39. Be4 {[%clk 0:01:46]} g5 {[%clk 0:01:01]} 40. Nd3 {[%clk
0:31:49]} Nc4 {[%clk 0:31:04]} 41. Bd5 {[%clk 0:31:42]} Ne3 {[%clk 0:27:54]} 42.
Bf3 {[%clk 0:30:38]} Bf5 {[%clk 0:23:50]} 43. Nb4 {[%clk 0:30:20]} Nc4 {[%clk
0:21:19]} 44. b3 {[%clk 0:29:04]} Na5 {[%clk 0:19:49]} 45. Kf2 {[%clk 0:29:21]}
Kf7 {[%clk 0:13:33]} 46. Ke3 {[%clk 0:29:44]} Ke7 {[%clk 0:07:54]} 47. Kd4 {[%clk
0:29:51]} Ke6 {[%clk 0:04:21]} 48. Be4 {[%clk 0:27:45]} Bxe4 {[%clk 0:04:34]} 49.
Kxe4 {[%clk 0:28:11]} h5 {[%clk 0:03:55]} 50. g3 {[%clk 0:27:42]} b6 {[%clk
0:03:36]} 51. Nd5 {[%clk 0:27:56]} Nb7 {[%clk 0:01:55]} 52. Nxb6 {[%clk 0:27:50]}
Nc5+ {[%clk 0:01:56]} 53. Kd4 {[%clk 0:28:03]} Kf5 {[%clk 0:01:13]} 54. Nd5
{[%clk 0:26:14]} Ne6+ {[%clk 0:01:20]} 55. Ke3 {[%clk 0:26:16]} h4 {[%clk
0:01:21]} 56. gxh4 {[%clk 0:26:06]} gxh4 {[%clk 0:01:43]} 57. a4 {[%clk 0:24:44]}
Nc5 {[%clk 0:01:17]} 58. a5 {[%clk 0:24:49]} Ke5 {[%clk 0:01:28]} 59. b4 {[%clk
0:22:59]} Na6 {[%clk 0:01:14]} 60. b5 {[%clk 0:22:20]} Nc5 {[%clk 0:01:12]} 61.
a6 {[%clk 0:21:34]} 1-0